Systems thinking creative holism for managers

محفوظ في:
التفاصيل البيبلوغرافية
المؤلف الرئيسي: Jackson Michael C (مؤلف)
التنسيق: كتاب
اللغة:الإنجليزية
منشور في: Chichester John Wiley and Sons 2003
الموضوعات:
الوسوم: إضافة وسم
لا توجد وسوم, كن أول من يضع وسما على هذه التسجيلة!

MARC

LEADER 00000nam a2200000 a 4500
001 UCI2713
003 CL-VaPUC
008 070907e20030000UK |||||||||||||||||eng|d
020 |a 0470845228 
082 0 4 |a 658.403  |b JAC  |2 21 
100 |a Jackson Michael C  |e author  |9 222278 
245 1 0 |a Systems thinking creative holism for managers  
300 |a 352 p 
942 |c BK 
945 |d 20070907 00:00:00  |a jtorresc 
260 |a Chichester  |b John Wiley and Sons  |c 2003 
650 0 |a Ingeniería de sistemas   |9 261019 
650 0 |a Análisis de sistemas   |9 260059 
650 0 |a Análisis funcional   |9 269993 
650 7 |a METODOS ANALITICOS  |2 CL-VaPUC  |9 358863 
583 |a last modification  |c 20070907 00:00:00  |k Rodrigo Vera 
999 |c 327190  |d 327188 
952 |0 0  |1 0  |4 0  |6 658_403000000000000_JAC_2003  |7 0  |8 A  |9 409673  |a BIBING  |b BIBING  |d 2019-11-22  |i 4368541  |o 658.403 JAC 2003  |p 4368541  |r 2025-01-20  |w 2019-11-22  |y BK  |k EII